|
|
|
|
| LEADER |
01841cam a22003732cc4500 |
| 001 |
1073146677 |
| 003 |
DE-627 |
| 005 |
20260422134644.0 |
| 007 |
tu |
| 008 |
850101s1965 xx ||||| 00| ||eng c |
| 035 |
|
|
|a (DE-627)1073146677
|
| 035 |
|
|
|a (DE-576)003146677
|
| 035 |
|
|
|a (DE-599)BSZ003146677
|
| 035 |
|
|
|a (OCoLC)310615546
|
| 035 |
|
|
|a (OCoLC)310615546
|
| 040 |
|
|
|a DE-627
|b ger
|c DE-627
|e rakwb
|
| 041 |
|
|
|a eng
|
| 084 |
|
|
|a ND 4312
|2 rvk
|0 (DE-625)rvk/124914:
|
| 084 |
|
|
|a 15.14
|2 bkl
|
| 100 |
1 |
|
|a Collingwood, Robin G.
|d 1889-1943
|0 (DE-588)118676636
|0 (DE-627)079459978
|0 (DE-576)160605962
|4 aut
|
| 245 |
1 |
4 |
|a The Roman inscriptions of Britain
|p Vol. 1. Inscriptions on stone
|n [Hauptbd.]
|c R. G. Collingwood; R. P. Wright
|
| 264 |
|
1 |
|a Oxford
|b Clarendon Pr.
|c 1965
|
| 300 |
|
|
|a XXXII, 790, XIX S.
|b Ill.
|
| 336 |
|
|
|a Text
|b txt
|2 rdacontent
|
| 337 |
|
|
|a ohne Hilfsmittel zu benutzen
|b n
|2 rdamedia
|
| 338 |
|
|
|a Band
|b nc
|2 rdacarrier
|
| 700 |
1 |
|
|a Wright, Richard P.
|d 1908-1992
|0 (DE-588)1053303351
|0 (DE-627)789762005
|0 (DE-576)409045144
|4 aut
|
| 773 |
1 |
8 |
|w (DE-627)1073146669
|w (DE-576)003146669
|g Vol. 1. Inscriptions on stone ; [Hauptbd.]
|q 1,h
|7 nnam
|
| 787 |
0 |
8 |
|i Rezensiert in
|a Alföldy, Géza, 1935 - 2011
|t [Rezension von: R.G. Collingwood and R.P. Wright, The Roman inscriptions of Britain1]
|d Kevelaer, Rhld. : Verlag Butzon & Bercker, 1966
|w (DE-627)1727418603
|
| 936 |
r |
v |
|a ND 4312
|b Britannien
|k Geschichte
|k Historische Hilfswissenschaften
|k Epigrafik
|k Lateinische (römische) Inschriften
|k Westeuropa
|k Britannien
|0 (DE-627)1271446162
|0 (DE-625)rvk/124914:
|0 (DE-576)201446162
|
| 936 |
b |
k |
|a 15.14
|j Diplomatik
|j Epigraphik
|q coli-conc RVK->BK
|q https://coli-conc.gbv.de/api/mappings/6639adca-4262-4dc8-875f-855c34c19e77
|0 (DE-627)181569639
|
| 951 |
|
|
|a MV
|
| 991 |
|
|
|a Rezensiertes Werk
|
| 999 |
|
|
|a KXP-PPN1073146677
|e 4977281640
|